Digesto romano-español, compuesto en latín para uso de los juristas

Gespeichert in:
Bibliographische Detailangaben
1. Verfasser: Sala, Juan (VerfasserIn)
Format: Buch
Sprache:Spanisch
Veröffentlicht: Madrid Colegio Nacional de Sordo-Mudos 1844
Schlagworte:
Tags: Tag hinzufügen
Keine Tags, Fügen Sie den ersten Tag hinzu!

MARC

LEADER 00000nam a2200000 a 4500
001 UCR2376
003 CL-VaPUC
008 980112e18440000SP |||||||||||||||||spa|d
082 0 4 |a 348.026  |b SAL  |2 21 
100 0 |a Sala, Juan  |e author  |9 400157 
245 1 0 |a Digesto romano-español, compuesto en latín para uso de los juristas 
300 |a v 
942 |c BK 
945 |d 19980112 00:00:00  |a cmena 
260 |a Madrid  |b Colegio Nacional de Sordo-Mudos  |c 1844 
650 0 |a Derecho romano  |9 255930 
650 0 |a Digestos  |9 395744 
650 0 |a Procedimiento penal  |9 254974 
650 0 |a Tribunales  |9 254872 
650 0 |a Derecho español  |9 255291 
650 0 |a Jurisprudencia  |9 255952 
650 0 |a Derecho justiniano  |9 397596 
583 |a last modification  |c 20171004 12:32:15  |k Rodrigo Vera 
999 |c 265544  |d 265542 
952 |0 0  |1 0  |4 0  |6 348_026000000000000_SAL_1844  |7 0  |8 DER_HIS  |9 296518  |a BIBDER  |b BIBDER  |d 2019-11-20  |h v.2  |i 1923528  |o 348.026 SAL 1844  |p 1923528  |r 2023-01-25  |w 2019-11-20  |x Ubicación 4to Piso  |y BK_X  |z Estos recursos deben solicitarse con anticipación  |k DER